00265nam a2200109Ia 4500008004100000082001600041100001800057245004100075260002300116300000800139650000800147191201s2008 xx 000 0 und d a658.87bHAC aHAWKINS, Dell 0aConsumer Behavior Building Marketing aN.DelhibTMHc2008 a867 aMBA